LEADER 00912nam0 2200253 450 001 000017325 005 20081010105218.0 010 $a0470217030 100 $a20081010d1990----km-y0itay50------ba 101 0 $aeng 102 $aUS 105 $ay-------001yy 200 1 $a<>impact of vector and parallel architectures on the Gaussian elimination algorithm$fYves Robert 210 $aNew York$cManchester University Press$dc1990 215 $aX, 194 p.$d24 cm 610 1 $aAlgoritmi$aImpiego nella elaborazione elettronica 610 1 $aProcessi Gaussiani 676 $a004.22$v19$9Architettura dell'elaboratore 700 1$aRobert,$bYves$f<1938- >$085839 801 0$aIT$bUNIPARTHENOPE$c20081010$gRICA$2UNIMARC 912 $a000017325 951 $aM 004.22/3$bM 987$cDSA$d2008 996 $aImpact of vector and parallel architectures on the Gaussian elimination algorithm$91202198 997 $aUNIPARTHENOPE LEADER 01130nam0 22002891i 450 001 UON00462511 005 20231205105130.438 010 $a978-88-389-3175-8 100 $a20151217d2014 |0itac50 ba 101 $aita 102 $aIT 105 $a|||| ||||| 200 1 $a1914$fLuciano Canfora 210 $aPalermo$cSellerio$d2014 215 $a167 p.$d17 cm. 410 1$1001UON00066079$12001 $aˆLa ‰memoria$v957 620 $aIT$dPalermo$3UONL000273 676 $a853.914$cNarrativa italiana. 1945-1999$v21 700 1$aCanfora$bLuciano$3UONV019816$038986 712 $aSellerio$3UONV249325$4650 801 $aIT$bSOL$c20251031$gRICA 899 $aSIBA - SISTEMA BIBLIOTECARIO DI ATENEO$2UONSI 912 $aUON00462511 950 $aSIBA - SISTEMA BIBLIOTECARIO DI ATENEO$dSI EUR D A 3268 $eSI 15856 5 3268 $sBuono 951 $aSIBA - SISTEMA BIBLIOTECARIO DI ATENEO$bSI20151800 1J 20151217Vs preventivo del 3/12/15 996 $a1914$9256548 997 $aUNIOR